Stade Brestois 29 | Effectif Ligue 1 - 2024/2025 - Statistiques

Statistiques générales
  • Ce quiz a été pris 140 fois
  • Le résultat moyen est 21 sur 27
Statistiques - réponses
Poste Joueurs Nationalité Numéro % Correct
Gardien de but Marco Bizot 40
99%
Défenseur Brendan Chardonnet 5
95%
Attaquant Ludovic Ajorque 19
95%
Défenseur Kenny Lala 7
94%
Milieu de terrain Pierre Lees-Melou 20
92%
Coach Eric Roy
89%
Milieu de terrain Hugo Magnetti 8
87%
Milieu de terrain Mahdi Camara 45
86%
Milieu de terrain Kamory Doumbia 9
85%
Attaquant Mama Baldé 14
85%
Attaquant Ibrahim Salah 34
83%
Gardien de but Grégoire Coudert 30
82%
Attaquant Romain Del Castillo 10
81%
Attaquant Mathias Pereira Lage 26
80%
Attaquant Abdallah Sima 17
79%
Défenseur Bradley Locko 2
77%
Défenseur Soumaïla Coulibaly 44
76%
Milieu de terrain Edimilson Fernandes 6
75%
Défenseur Julien Le Cardinal 25
75%
Milieu de terrain Romain Faivre 21
74%
Défenseur Massadio Haidara 22
71%
Défenseur Abdoulaye Ndiaye 3
68%
Défenseur Jordan Amavi 23
66%
Milieu de terrain Jonas Martin 28
65%
Défenseur Luck Zogbé 12
64%
Gardien de but Noah Jauny 50
56%
Défenseur Justin Bourgault 18
47%
Aucun quiz correspondant
Distribution des résultats
% des personnes avec chaque résultat
Percentile par nombre de réponses
Votre historique - résultats
Vous n’avez pas pris ce quiz